=LDR 00000nam 2200000 4500 =001 000680 =005 20250711022717 =035 ##$$a 0010-0725000548 =007 ta =008 250711################a##########0#ind## =020 ##$$a 978-623-307-391-2 =082 ##$$a 398.209 598 =084 ##$$a 398.209 598 BAN b =100 #$$a Bannerje kanchan =245 1#$$a Burung gagak yang cerewet /$c Kanchan bannerjee =250 ##$$a Cetakan pertama =260 ##$$a Rawamangun :$b Badan pengembangan dan pusat bahasa,$c 2022 =300 ##$$a 16 hlm. : $b Ilus. ; $c 21 cm. =650 #4$$a Cerita anak indonesia-terjemahan =650 #4$$a Literasi-bahan bacaan =990 ##$$a TBM04550455